000 01020nam a2200301 i 4500
003 DO-SdBNP
005 20250625153855.0
007 ta
008 240207b2023 dr ||||| |||| 00| 0 spa d
020 _a9789945510430
040 _aDO-SdBNP
_bspa
_cBNPHU
_erda
041 _aspa
082 4 _axxx
_bxxx
_222
100 1 _aMiller, Jeannette,
_d1944-
_eautor
_4aut.
_983484
245 1 3 _aEl síndrome de la pequeña Lulú /
_cJeannette Miller ; corrección, María del Carmen Vicente
250 _aPrimera edición
264 4 _aSanto Domingo :
_bEditora Nacional,
_c©2023.
300 _a53 páginas ;
_c22 cm.
336 _atexto
_btxt
_2rdacontent
337 _asin mediación
_bn
_2rdamedia
338 _avolumen
_bnc
_2rdacarrier
500 _aIncluye datos biográficos de la autor en las solapas
500 _aXXV Feria Internacional del Libro Santo Domingo 2023.
590 _aInventariado, 2024/BT
700 1 _aVicente, María del Carmen,
_ecorrector
_4corr.
_957201
910 _aBtavárez
942 _2ddc
_cLBS1
999 _c55828
_d55828